000 03737nam a2200373 a 4500
001 ebr10531106
003 CaPaEBR
006 m u
007 cr cn|||||||||
008 120301s2011 dcuad sb 100 0 eng d
010 _z 2011275693
020 _z0309209013
020 _z9780309209014
040 _aCaPaEBR
_cCaPaEBR
035 _a(OCoLC)777961185
050 1 4 _aQH75
_b.T94 2011eb
245 0 0 _aTwenty-first century ecosystems
_h[electronic resource] :
_bmanaging the living world two centuries after Darwin : report of a symposium /
_cCommittee for Biodiversity and Ecosystem Services: A Symposium, U.S. National Committee for DIVERSITAS, Board on International Scientific Organizations, Policy and Global Affairs, National Research Council of the National Academies.
260 _aWashington, D.C. :
_bNational Academies Press,
_cc2011.
300 _axiii, 75 p. :
_bcol. ill.
504 _aIncludes bibliographical references.
505 0 _aEight themes for managing the living world. Learning what we have -- Learning how ecosystems are working and changing -- Saving what we can -- Managing ecosystems as complex adaptive systems -- Increasing capacity to inform policy through integrated science -- Increasing societal capacity to manage and adapt to environmental change -- Strengthening international institutions and U.S. engagement and leadership -- Accounting for the value of nature.
520 _a"In honor of Darwin's birthday, the National Research Council appointed a committee under the auspices of the U.S. National Committee (USNC) for DIVERSITAS to plan a Symposium on Twenty-first Century Ecosystems. The purpose of the symposium was to capture some of the current excitement and recent progress in scientific understanding of ecosystems, from the microbial to the global level, while also highlighting how improved understanding can be applied to important policy issues that have broad biodiversity and ecosystem effects. The aim was to help inform new policy approaches that could satisfy human needs while also maintaining the integrity of the goods and services provided by biodiversity and ecosystems over both the short and the long terms. This report summarizes the views expressed by symposium participants; however, it does not provide a session-by-session summary of the presentations at the symposium. Instead, the symposium steering committee identified eight key themes that emerged from the lectures, which were addressed in different contexts by different speakers. The focus here is on general principles rather than specifics. These eight themes provide a sharp focus on a few concepts that enable scientists, environmental NGOs, and policy makers to engage more effectively around issues of central importance for biodiversity and ecosystem management"--Publisher description.
533 _aElectronic reproduction.
_bPalo Alto, Calif. :
_cebrary,
_d2011.
_nAvailable via World Wide Web.
_nAccess may be limited to ebrary affiliated libraries.
650 0 _aEcosystem management
_vCongresses.
650 0 _aEcosystem management
_xInternational cooperation
_vCongresses.
650 0 _aBiodiversity conservation
_vCongresses.
650 0 _aBiodiversity conservation
_xInternational cooperation
_vCongresses.
650 0 _aInternational cooperation
_vCongresses.
655 7 _aElectronic books.
_2local
710 2 _aNational Research Council (U.S.).
_bCommittee for Biodiversity and Ecosystem Services: A Symposium.
710 2 _aNational Research Council (U.S.).
_bU.S. National Committee for DIVERSITAS.
710 2 _aebrary, Inc.
856 4 0 _uhttp://site.ebrary.com/lib/rucke/Doc?id=10531106
_zAn electronic book accessible through the World Wide Web; click to view
999 _c146840
_d146840